| 000 | 00721nam a2200289Ia 4500 | ||
|---|---|---|---|
| 008 | 190123s9999 xx 000 0 und d | ||
| 020 | _a9780439448611 | ||
| 050 | _bM821 2013 | ||
| 100 | _aMoore, Eva | ||
| 245 | 0 | _aLucky ducklings : | |
| 245 | 2 | _ba true rescue story / | |
| 245 | 0 | _cby Eva Moore ; pictures by Nancy Carpenter. | |
| 260 | _aNew York, New York : | ||
| 260 | _bScholastic, | ||
| 260 | _c2013 | ||
| 300 | _aunpaged : | ||
| 300 | _bcolored illustrations ; | ||
| 300 | _c25cm. | ||
| 500 | _a510L | ||
| 650 | _aAnimals -- | ||
| 650 | _aDucks. | ||
| 650 | _aPicture books for children. | ||
| 650 | _aRescues. | ||
| 650 | _xInfancy. | ||
| 700 | _aCarpenter, Nancy. | ||
| 700 | _aTitle. | ||
| 999 |
_c361137 _d361137 |
||